| 000 | 00609 a2200205 4500 | ||
|---|---|---|---|
| 001 | 124844 | ||
| 020 | _a9780329535964 | ||
| 040 | _cEscola Canadense de Niteroi | ||
| 090 | _aT5 - GAL | ||
| 100 | _aGaldone, Paul | ||
| 245 | 1 | 0 | _aThe teeny-tiny woman |
| 260 | _aNew York | ||
| 300 |
_a32 p. _c4 x 0.44 x 7.45 inches (hardcover) |
||
| 362 | 0 | _a1984 | |
| 520 | _aA droll rendition of the old English ghost story about the teeny-tiny woman who found a teeny-tiny bone in the teeny-tiny churchyard. | ||
| 650 | 4 | _aChildren's Literature | |
| 650 | 4 | _aFairy Tales | |
| 650 | 4 | _aFolk Tales | |
| 942 | _cBK | ||
| 999 |
_c124844 _d124844 |
||